Architektúra a bionika /

Hlavní autor: Lebedev, Jakov Sergejevič
Jazyk: Slovenština
Vydáno: Bratislava : Pravda, 1982
Vydání: 1. vyd.
Edice: Edícia stavebníckej literatúry
Témata:
Fyzický popis: 192 s.
Knihy
Uloženo v:
LEADER 00975nam a22003132a 4500
001 000099377
003 CZ BrMZK
005 20190425133756.0
007 ta
008 950101s1982 xo a f 000 0 slo d
040 |a BOA001  |b cze 
041 1 |a slo  |h rus 
080 |a 57:72  |2 MRF 
080 |a 72:57  |2 MRF 
100 1 |a Lebedev, Jakov Sergejevič  |7 jx20081018043  |4 aut 
245 1 0 |a Architektúra a bionika /  |c J.S. Lebedev 
250 |a 1. vyd. 
260 |a Bratislava :  |b Pravda,  |c 1982 
300 |a 192 s. 
490 1 |a Edícia stavebníckej literatúry 
500 |a Přeloženo z ruštiny 
504 |a Obsahuje bibliografii 
765 0 |t Architektura i bionika  |9 Slovensky 
830 0 |a Edícia stavebníckej literatúry 
910 |a BOA001  |b 2-0855.641 
964 |a Bionika - architektura - využití 
964 |a Architektura - bionika - využití 
990 |a BK 
996 7 |b 2619994601  |c 2-0855.641  |l MZK  |r Sklad / do 1 hodiny  |n 29  |w 000099377  |u 000010  |a 1  |e BOA001  |j MZK50  |s A